000
00267nam a2200109Ia 4500
008
190216s9999||||xx |||||||||||||| ||und||
100
_a
Viswanathan R
245
0
_a
Electronics For Scientist And Engineers
260
_b
Prentice Hall
650
_a
Physics
942
_c
BK
999
_c
33081
_d
33081